Schlesische Verlagsunternehmer: Wie sie Geschäfte führten und mit ihren Autoren umgingen. Theodor Fontane zum Beispiel

Titel: Schlesische Verlagsunternehmer: Wie sie Geschäfte führten und mit ihren Autoren umgingen. Theodor Fontane zum Beispiel / Christian Andree
Verfasser:
In: Andree, Christian, 1938-: Streiflichter zur Geschichte Schlesiens, (2020), Seite 265-286
alle Artikel anzeigen
Veröffentlicht: 2020
Format: Aufsatz
Sprache: Deutsch
Schlagworte:
Kein Bild verfügbar
X
alg: 48197791
001A    $03025:27-07-21 
001B    $03025:26-04-23 $t13:02:45.000 
001D    $03025:27-07-21 
001U    $0utf8 
001X    $00 
002@    $0Aou 
002C    $aText $btxt $2rdacontent 
002D    $aohne Hilfsmittel zu benutzen $bn $2rdamedia 
002E    $aBand $bnc $2rdacarrier 
003@    $0481977910 
007A    $0481977910 $aHEB 
010@    $ager 
010E    $erda 
011@    $a2020 
021A    $aSchlesische Verlagsunternehmer: Wie sie Geschäfte führten und mit ihren Autoren umgingen. Theodor Fontane zum Beispiel $hChristian Andree 
028A    $BVerfasser $#Andree, Christian $4aut $7120968711 $8Andree, Christian$Z1938- [Tp1] $9088011925 
031A    $h265-286 $j2020 
039B    $aEnthalten in $8--Aax--Andree, Christian$Z1938- [Tp1]. Streiflichter zur Geschichte Schlesiens. - [1. Auflage]. - Würzburg : Stiftung Kulturwerk Schlesien, [2020]. - viii, 330 Seiten. - Illustrationen. - ISBN 978-3-929817-10-2 $x202000000000000735 $946666950X 
039U    $aRezensiert in $8--Aou--Porada, Haik Thomas$Z1972- [Tp3]. [Christian Andree: Schlesische Verlagsunternehmer], 2022 [2023] $9507290143 
044K    $#Fontane, Theodor $#Fontane, Teodor $#Fontane, Theodore $#Fontane, Henri Théodore $#Fontane, Heinrich Theodor $#Lafontaine $#Fontāne, Tēodoa $#Fūntāna, Tīyūdūr $#Fontāne, Teodōru $#Fontane, Th. $#Fontane-Heyse $#Fontāne, Teodors $#Fontanė, Teodoras $#Fengtana, Taiaoduoer $#P̕ontane, T̕eodor $#Fonṭaneh, Teʾodor $#Fūntāna, Tiʾūdūr $#Lafontaine  $#Lafontaine (Übername) $#폰타네, 테오도어 $#폰타네, 테오도르 $#פונטאנה, תיאודור $#フォンターネ, テオドア $#フォンターネ, テーオドア $#フォンターネ, テーオドル $#フォンターネ, テオドール $7118534262 $8Fontane, Theodor$Z1819-1898 [Tp1] $9086875329 
044K    $RBuchhändler $RVerlag $RVerlegerin $#Publishers and publishing $#Éditeurs $#Verleger $#Verlagsbuchhändler $#Verlagsleiter $74138343-6 $8Verleger [Ts1] $9085522279 
044K    $RRelation $#Wechselbeziehung $#Beziehungen $74145198-3 $8Beziehung [Ts1] $9085577189 
044K    $RUrheber $RAutorin $#Authors $#Écrivains $#Autor $#Verfasser $#Autoren $74003982-1 $8Autor [Ts1] $9085002402 
045F    $a002.09438509034 $eDDC23BSB 
045F/01 $a002.09 
045F/03 $f09034 
045F/03 $g4385 
045R    $aGeschichte 1800-1900 

lok: 48197791 78

exp: 48197791 78 1 #EPN
201B/01 $027-07-21 $t13:17:47.000 
201C/01 $027-07-21 
201U/01 $0utf8 
203@/01 $0116243354X 
208@/01 $a27-07-21 $be 
209A/01 $a/ $f000 $x00 
209A/01 $ab*p $x01 
220C/01 $apgar 
244Z/01 $#Schlesien $#Schlesien $#Herzogtum Schlesien $#Herzogtum Schlesien Schlesien $#Provinz Schlesien $#Śla̜sk $#Slezsko $#Silesia $74052678-1 $8--Tg1--Schlesien $x01 $9085146781 
247C/01 $82080>Marburg/Lahn, Herder-Institut, Forschungsbibliothek, Bibliographieportal $9336309341
LEADER 00000caa a2200000 c 4500
001 481977910
003 DE-603
005 20230426130245.0
007 tu
008 210727s2020 xx |||| | u00||u|ger c
035 |a (DE-599)HEB481977910 
040 |a DE-603  |b ger  |c DE-603  |d DE-603  |e rda 
041 |a ger 
082 0 4 |8 1\u  |a 002.09438509034  |q DE-101  |2 23/BSB 
085 |8 1\u  |b 002.09 
085 |8 1\u  |z 1  |s 09034 
085 |8 1\u  |z 2  |s 4385 
100 1 |a Andree, Christian  |d 1938-  |e Verfasser  |4 aut  |0 (DE-603)088011925  |0 (DE-588)120968711  |2 gnd 
245 0 0 |a Schlesische Verlagsunternehmer: Wie sie Geschäfte führten und mit ihren Autoren umgingen. Theodor Fontane zum Beispiel  |c Christian Andree 
264 0 |c 2020 
336 |a Text  |b txt  |2 rdacontent 
337 |a ohne Hilfsmittel zu benutzen  |b n  |2 rdamedia 
338 |a Band  |b nc  |2 rdacarrier 
600 1 7 |a Fontane, Theodor  |d 1819-1898  |0 (DE-588)118534262  |0 (DE-603)086875329  |2 gnd 
648 7 |a Geschichte 1800-1900  |2 gnd 
650 7 |a Verleger  |0 (DE-588)4138343-6  |0 (DE-603)085522279  |2 gnd 
650 7 |a Beziehung  |0 (DE-588)4145198-3  |0 (DE-603)085577189  |2 gnd 
650 7 |a Autor  |0 (DE-588)4003982-1  |0 (DE-603)085002402  |2 gnd 
773 0 8 |i Enthalten in  |a Andree, Christian, 1938-  |t Streiflichter zur Geschichte Schlesiens  |b [1. Auflage]  |d Würzburg : Stiftung Kulturwerk Schlesien, [2020]  |h viii, 330 Seiten, Illustrationen  |z 9783929817102  |z 3929817101  |g (2020), Seite 265-286  |w (DE-603)46666950X 
787 0 8 |i Rezensiert in  |a Porada, Haik Thomas, 1972-  |t [Christian Andree: Schlesische Verlagsunternehmer]  |w (DE-603)507290143 
924 0 |9 2080  |a (DE-603)116243354X  |b DE-2080  |c HES  |d d  |g /